[Event "Kingston Easter U1600"]
[Site "Kingston"]
[Date "2019.04.21"]
[Round "7.47"]
[White "Mai, Deren"]
[Black "Chau, Matthew"]
[Result "1-0"]
[WhiteElo "1242"]
[BlackElo "875"]
[PlyCount "93"]
[EventDate "2019.04.18"]
[EventType "swiss"]
[EventRounds "9"]
[EventCountry "CAN"]
[SourceTitle "EXT 2022"]
[Source "ChessBase"]
[SourceDate "2021.10.06"]
[SourceVersion "1"]
[SourceVersionDate "2021.10.06"]
[SourceQuality "1"]

1. e4 e5 2. Nf3 Nc6 3. Bc4 Nf6 4. d3 Bb4+ 5. c3 Ba5 6. b4 Bb6 7. b5 Ne7 8. Nxe5 0-0 9. 0-0 d5 10. exd5 Nexd5 11. Qf3 Nxc3 12. Nxc3 Bd4 13. Nxf7 Rxf7 14. Bxf7+ Kxf7 15. Bb2 c6 16. bxc6 bxc6 17. Qxc6 Bd7 18. Qd6 Bf5 19. Qxd8 Rxd8 20. Rfd1 Rb8 21. Rd2 Kg6 22. Na4 Rb4 23. Bxd4 Rxd4 24. Nb2 Nd5 25. Kf1 Nc3 26. a3 Kg5 27. Rc1 Ne4 28. dxe4 Rxd2 29. Nc4 Ra2 30. exf5 Kxf5 31. g3 Kg4 32. Kg2 g5 33. h3+ Kf5 34. Kf3 h5 35. g4+ Kg6 36. Ke3 hxg4 37. hxg4 Kf6 38. Rc3 Ra1 39. Nd2 Rg1 40. Kf3 Re1 41. Ne4+ Kg6 42. Rc6+ Kg7 43. Rc7+ Kg6 44. Rxa7 Kh6 45. a4 Ra1 46. Ra6+ Kg7 47. Nxg5 1-0